[Event "Politiken Cup 33rd"]
[Site "Helsingor"]
[Date "2011.08.01"]
[Round "4"]
[White "Johansson, Linus"]
[Black "Hansen, Rolf Stig"]
[Result "1-0"]
[WhiteElo "2159"]
[BlackElo "1918"]
[PlyCount "89"]
[EventDate "2011.07.30"]
[EventType "swiss"]
[EventRounds "10"]
[EventCountry "DEN"]
[SourceTitle "CBM 143 Extra"]
[Source "ChessBase"]
[SourceDate "2011.08.29"]
[SourceVersion "1"]
[SourceVersionDate "2011.08.29"]
[SourceQuality "1"]

1. d4 Nf6 2. c4 g6 3. g3 Bg7 4. Bg2 0-0 5. Nc3 d6 6. Nf3 Re8 7. 0-0 Nbd7 8. e4 e5 9. h3 exd4 10. Nxd4 Ne5 11. b3 Bd7 12. Be3 Qc8 13. Kh2 h5 14. Rc1 a6 15. Nd5 Nc6 16. Nxc6 bxc6 17. Nxf6+ Bxf6 18. c5 Re6 19. Bd4 Qd8 20. f4 Bxd4 21. Qxd4 Qf6 22. Qxf6 Rxf6 23. Rfd1 Be8 24. h4 dxc5 25. e5 Re6 26. Rxc5 Rb8 27. Bf1 Re7 28. Rc2 a5 29. Rcd2 a4 30. bxa4 Rb4 31. Rd4 c5 32. Rxb4 cxb4 33. a5 Rd7 34. Rxd7 Bxd7 35. a6 Bc8 36. a7 Bb7 37. Bg2 c6 38. Kg1 Kf8 39. Kf2 Ke7 40. Ke3 Kd7 41. Bf1 c5 42. Bc4 Ke7 43. Bd3 Kd7 44. Be4 Kc7 45. a8Q 1-0

[Event "Bornholms Sommer B1"]
[Site "Ronne"]
[Date "2011.07.10"]
[Round "4"]
[White "Hansen, Rolf Stig"]
[Black "Kraft, Rene"]
[Result "1-0"]
[WhiteElo "1733"]
[BlackElo "1655"]
[PlyCount "83"]
[EventDate "2011.07.08"]
[EventType "tourn"]
[EventRounds "5"]
[EventCountry "DEN"]
[SourceTitle "EXT 2023"]
[Source "ChessBase"]
[SourceDate "2022.10.05"]
[SourceVersion "1"]
[SourceVersionDate "2022.10.05"]
[SourceQuality "1"]

1. d4 b6 2. Bf4 c5 3. c3 Bb7 4. Nf3 Nf6 5. e3 e6 6. Bd3 Nc6 7. Nbd2 Rc8 8. h3 Nd5 9. Bh2 Be7 10. 0-0 0-0 11. Ne5 cxd4 12. exd4 d6 13. Nec4 Nf6 14. Qe2 b5 15. Ne3 b4 16. Rac1 a5 17. Ng4 Nxg4 18. Qxg4 f5 19. Qe2 Rf6 20. Rfe1 Rg6 21. Nf3 Qf8 22. Ba6 Nd8 23. Bxb7 Nxb7 24. Qb5 Rb8 25. cxb4 axb4 26. Qa6 Nd8 27. Rc7 Nf7 28. Rec1 e5 29. Rc8 Rxc8 30. Rxc8 Nd8 31. dxe5 dxe5 32. Qc4+ Qf7 33. Qxf7+ Kxf7 34. Nxe5+ Kf6 35. Nxg6 hxg6 36. Kf1 Ne6 37. Rc6 g5 38. f3 f4 39. Bg1 Ke5 40. b3 Nd4 41. Bxd4+ Kxd4 42. Ke2 1-0